[Event "34th Rilton Cup"]
[Site "Stockholm SWE"]
[Date "2005.01.02"]
[Round "6.46"]
[White "Bernholdsson, Svante"]
[Black "Wikstroem, Hans"]
[Result "1/2-1/2"]
[WhiteElo "1955"]
[BlackElo "2048"]
[EventDate "2004.12.27"]
[PlyCount "50"]

1.d4 Nf6 2.c4 e6 3.Nc3 d5 4.cxd5 exd5 5.Bg5 c6 6.Qc2 g6 7.Nf3 Be7 8.e3 Bf5
9.Bd3 Bxd3 10.Qxd3 Nbd7 11.O-O O-O 12.Ne5 Nxe5 13.dxe5 Nd7 14.Bxe7 Qxe7 
15.f4 f6 16.e4 Nc5 17.Qe3 Nxe4 18.Nxe4 dxe4 19.Qxe4 Qc5+ 20.Kh1 fxe5 21.
fxe5 Rxf1+ 22.Rxf1 Re8 23.Re1 Re6 24.Qf4 Qd5 25.b3 Re7 1/2-1/2

[Event "34th Rilton Cup"]
[Site "Stockholm SWE"]
[Date "2005.01.02"]
[Round "6.48"]
[White "Horn, Emilia"]
[Black "Wilsbeck, Jan Boerge"]
[Result "1-0"]
[WhiteElo "2046"]
[BlackElo "1947"]
[EventDate "2004.12.27"]
[PlyCount "69"]

1.e4 c5 2.Nf3 e6 3.d3 Nc6 4.c3 Qc7 5.g3 Nf6 6.Bg2 c4 7.O-O Be7 8.Re1 cxd3 
9.Qxd3 e5 10.b3 d5 11.exd5 e4 12.Qc4 exf3 13.Bxf3 Nxd5 14.Bxd5 O-O 15.Bf4 
Qd7 16.Nd2 g5 17.Be3 Ne5 18.Qe4 Ng4 19.Bd4 Bf6 20.Nf3 Bxd4 21.Qxd4 h6 22.
c4 Qd8 23.Rad1 Qf6 24.Qc5 Qb6 25.Qxb6 axb6 26.a4 Nf6 27.Ne5 Nxd5 28.Rxd5 
Re8 29.Rd6 Kg7 30.Rxb6 Rd8 31.Kg2 f6 32.Nf3 Ra5 33.Re7+ Kg6 34.Ne5+ Kf5 
35.g4+ 1-0

[Event "34th Rilton Cup"]
[Site "Stockholm SWE"]
[Date "2005.01.02"]
[Round "6.50"]
[White "Nystroem, Ragnar"]
[Black "Helin, Mikael"]
[Result "1-0"]
[WhiteElo "2082"]
[BlackElo "1961"]
[EventDate "2004.12.27"]
[PlyCount "119"]

1.d4 Nf6 2.Nf3 g6 3.c4 c5 4.e3 Bg7 5.Nc3 O-O 6.Be2 a6 7.O-O e6 8.e4 cxd4 
9.Nxd4 Qc7 10.Be3 b6 11.Qd2 Bb7 12.f3 Nh5 13.f4 Nf6 14.Qd3 h5 15.Rad1 Ng4 
16.Bd2 Qc5 17.e5 Nc6 18.Bc1 d6 19.Bxg4 Qxd4+ 20.Qxd4 Nxd4 21.Rxd4 dxe5 22.
Rd7 Bc8 23.Rd6 hxg4 24.Rxb6 exf4 25.Rd1 e5 26.Nd5 Kh7 27.b3 Be6 28.Nc7 
Rfd8 29.Re1 Rab8 30.Nxe6 fxe6 31.Rxa6 Rd3 32.c5 Rbd8 33.b4 g3 34.Rd6 R8xd6
35.cxd6 Rxd6 36.hxg3 fxg3 37.Kf1 Rd4 38.a3 Bf6 39.Ke2 Re4+ 40.Be3 Rc4 41.
Rh1+ Kg7 42.Kd3 Rg4 43.Bc5 e4+ 44.Ke2 Bb2 45.a4 e5 46.Be3 Kf6 47.a5 Bd4 
48.a6 Rf4 49.b5 Ke6 50.b6 Bxb6 51.Bxb6 Rf8 52.Rd1 Rc8 53.a7 Kf5 54.Rd8 
Rc2+ 55.Ke3 Rc3+ 56.Kd2 Rb3 57.a8=Q Rb2+ 58.Kc3 Rxg2 59.Rf8+ Ke6 60.Qc6+ 
1-0

[Event "34th Rilton Cup"]
[Site "Stockholm SWE"]
[Date "2005.01.03"]
[Round "7.1"]
[White "Volkov, Sergei"]
[Black "Hermansson, Emil"]
[Result "1/2-1/2"]
[WhiteElo "2628"]
[BlackElo "2414"]
[EventDate "2004.12.27"]
[PlyCount "172"]

1.d4 Nf6 2.c4 g6 3.Nc3 d5 4.Nf3 Bg7 5.Bg5 dxc4 6.e3 Be6 7.Be2 c5 8.Qa4+ 
Qd7 9.Qa3 cxd4 10.Nxd4 Nc6 11.Nxc6 Qxc6 12.Bf3 Qb6 13.O-O h6 14.Bf4 O-O 
15.Be5 Rfe8 16.Bd4 Qc7 17.Rfd1 Bg4 18.Nb5 Qc8 19.Bxg4 Nxg4 20.Bxg7 Kxg7 
21.Qc3+ Kg8 22.Rd4 Qf5 23.Rf4 Qxb5 24.Rxg4 Rac8 25.Rc1 Red8 26.h3 Rd3 27.
Qc2 Rc6 28.Rxc4 Rxc4 29.Qxc4 Qxb2 30.Rc2 Rd1+ 31.Kh2 Qe5+ 32.g3 Kg7 33.Kg2
b6 34.h4 Qd5+ 35.Qxd5 Rxd5 36.a4 Rc5 37.Rd2 Kf6 38.Kf3 Rc4 39.a5 bxa5 40.
Rd7 a6 41.Rd5 Ke6 42.Rxa5 Rc6 43.h5 Kd7 44.hxg6 Rxg6 45.e4 Kc7 46.Ra1 Kb6 
47.Rb1+ Ka7 48.Ra1 Rc6 49.e5 Rc4 50.Ke3 Rb4 51.f4 Rb3+ 52.Kf2 e6 53.g4 Rb7
54.Ke3 Kb6 55.Rb1+ Kc6 56.Rc1+ Kd7 57.Rd1+ Ke7 58.Ra1 Ra7 59.Ra5 Kd7 60.
Kd4 Kc6 61.f5 Kb6 62.Ra1 a5 63.Rb1+ Kc6 64.Rc1+ Kd7 65.fxe6+ Kxe6 66.Rc6+ 
Ke7 67.Kc3 a4 68.Kb2 Ra5 69.Rxh6 Rxe5 70.Ra6 Re4 71.g5 Rg4 72.Ra5 Kf8 73.
Kc2 Kg7 74.Kd2 Kg6 75.Ke3 Rg3+ 76.Kf4 Ra3 77.Ra6+ Kg7 78.Kg4 Ra1 79.Kg3 a3
80.Kg2 a2 81.Kh2 Kf8 82.Ra7 Ke8 83.Kg2 Kd8 84.g6 fxg6 85.Ra3 Ke7 86.Ra8 
Kf6 1/2-1/2

[Event "34th Rilton Cup"]
[Site "Stockholm SWE"]
[Date "2005.01.03"]
[Round "7.2"]
[White "Bellon Lopez, Juan Manuel"]
[Black "Ivanov, Sergei"]
[Result "1/2-1/2"]
[WhiteElo "2425"]
[BlackElo "2553"]
[EventDate "2004.12.27"]
[PlyCount "90"]

1.d4 Nf6 2.Nf3 e6 3.c4 b6 4.g3 Ba6 5.Qb3 Nc6 6.Nbd2 Na5 7.Qc2 c5 8.dxc5 
Bxc5 9.e3 Rc8 10.Qa4 Bb7 11.b4 Bc6 12.b5 Bxf3 13.Nxf3 d5 14.Bb2 O-O 15.Rc1
Qe7 16.Be2 Bb4+ 17.Kf1 dxc4 18.a3 c3 19.Ba1 Bxa3 20.Rxc3 Bb4 21.Rxc8 Rxc8 
22.Bxf6 gxf6 23.Kg2 f5 24.Rd1 Bc3 25.Nd4 Bxd4 26.Rxd4 Rd8 27.e4 Rxd4 28.
Qxd4 fxe4 29.Qe5 f6 30.Qf4 Kg7 31.h4 Nb7 32.Qg4+ Kf8 33.Qxe4 Nc5 34.Qa8+ 
Kg7 35.Bf3 f5 36.Qb8 Nd3 37.Be2 Nc5 38.Bf3 Nd3 39.Be2 Nc5 40.Bf3 h6 41.h5 
Nd3 42.Be2 Nc5 43.Bf3 Nd3 44.Be2 Nc5 45.Bf3 Nd3 1/2-1/2

[Event "34th Rilton Cup"]
[Site "Stockholm SWE"]
[Date "2005.01.03"]
[Round "7.3"]
[White "Palo, Davor"]
[Black "Khenkin, Igor"]
[Result "0-1"]
[WhiteElo "2526"]
[BlackElo "2587"]
[EventDate "2004.12.27"]
[PlyCount "68"]

1.d4 d5 2.c4 e6 3.Nf3 Nf6 4.Nc3 c6 5.Bg5 h6 6.Bxf6 Qxf6 7.e3 Nd7 8.Bd3 
dxc4 9.Bxc4 g6 10.O-O Qe7 11.Qe2 Bg7 12.Rac1 O-O 13.Rfd1 a6 14.Bb3 b6 15.
Rd2 Bb7 16.Na4 Rfd8 17.Rdc2 Rab8 18.h3 a5 19.Rd2 c5 20.dxc5 Bxf3 21.Qxf3 
b5 22.Nb6 Nxc5 23.Rxd8+ Rxd8 24.Qc6 Nd3 25.Rf1 a4 26.Bd1 Qc5 27.Qxc5 Nxc5 
28.b4 Ne4 29.Bf3 Nc3 30.a3 Rd2 31.Ra1 Nd5 32.Nxd5 Bxa1 33.Nc7 Ra2 34.Nxb5 
Bb2 0-1

[Event "34th Rilton Cup"]
[Site "Stockholm SWE"]
[Date "2005.01.03"]
[Round "7.5"]
[White "Handke, Florian"]
[Black "Nybaeck, Tomi"]
[Result "1/2-1/2"]
[WhiteElo "2467"]
[BlackElo "2554"]
[EventDate "2004.12.27"]
[PlyCount "92"]

1.e4 e5 2.Nf3 Nc6 3.Bb5 Nf6 4.d3 Bc5 5.c3 O-O 6.O-O d6 7.h3 Ne7 8.d4 Bb6 
9.Bd3 Ng6 10.Re1 Re8 11.Bc2 Bd7 12.Nbd2 Bc6 13.Nc4 exd4 14.Nxb6 axb6 15.
Qxd4 h6 16.Bd2 Re6 17.Nh2 Qe7 18.f3 d5 19.e5 Nxe5 20.Bf5 Nc4 21.Bxe6 fxe6 
22.Bc1 e5 23.Qh4 e4 24.Ng4 Qc5+ 25.Kh1 Rf8 26.b4 Qd6 27.Nxf6+ Rxf6 28.fxe4
d4 29.b5 Bxb5 30.cxd4 Qxd4 31.Bf4 Nb2 32.Bg3 Nd3 33.Rad1 c5 34.Rf1 Rxf1+ 
35.Rxf1 Bc6 36.Bc7 b5 37.Qe7 Qxe4 38.Qf7+ Kh7 39.Rf3 Bd5 40.Qf8 Qe1+ 41.
Kh2 Bxf3 42.Qf5+ Kg8 43.Qc8+ Kf7 44.Qf5+ Ke8 45.Qg6+ Kd7 46.Qd6+ Ke8 
1/2-1/2

[Event "34th Rilton Cup"]
[Site "Stockholm SWE"]
[Date "2005.01.03"]
[Round "7.6"]
[White "Gleizerov, Evgeny"]
[Black "Lyrberg, Patrik"]
[Result "1-0"]
[WhiteElo "2539"]
[BlackElo "2432"]
[EventDate "2004.12.27"]
[PlyCount "59"]

1.d4 d5 2.c4 c6 3.Nf3 a6 4.Nc3 Nf6 5.Ne5 b5 6.cxd5 cxd5 7.Bf4 Bb7 8.e3 
Nbd7 9.Bd3 Ne4 10.a4 b4 11.Ne2 g5 12.Bg3 Nxg3 13.hxg3 e6 14.f4 h6 15.a5 
Nxe5 16.fxe5 Bc6 17.Nc1 Qb8 18.O-O h5 19.Qf3 Qb7 20.Qf6 Rg8 21.Nb3 Qe7 22.
Qf2 g4 23.Rac1 Bb7 24.Rc2 h4 25.gxh4 g3 26.Qf4 Rh8 27.Qxg3 Bh6 28.Rfc1 Rd8
29.Rc7 Rd7 30.Rxb7 1-0

[Event "34th Rilton Cup"]
[Site "Stockholm SWE"]
[Date "2005.01.03"]
[Round "7.7"]
[White "Berg, Emanuel"]
[Black "Nygren, David"]
[Result "1-0"]
[WhiteElo "2529"]
[BlackElo "2204"]
[EventDate "2004.12.27"]
[PlyCount "121"]

1.e4 e6 2.d4 d5 3.Nd2 c5 4.Ngf3 cxd4 5.exd5 Qxd5 6.Bc4 Qd6 7.Qe2 Nf6 8.Nb3
Nc6 9.Bg5 Qb4+ 10.Bd2 Qb6 11.O-O-O Be7 12.Bf4 Nh5 13.Be5 O-O 14.Nbxd4 Nxe5
15.Nxe5 Nf4 16.Qe4 Ng6 17.Nxg6 hxg6 18.h4 Qc5 19.Nb3 Qxf2 20.h5 Qf5 21.Qe2
Bf6 22.Rdf1 Qe5 23.Qxe5 Bxe5 24.hxg6 Bf6 25.g4 fxg6 26.Nc5 Re8 27.Bd3 b6 
28.Bxg6 bxc5 29.Bxe8 Bb7 30.Bd7 Bxh1 31.Bxe6+ Kf8 32.g5 Bg2 33.Rf2 Ke7 34.
gxf6+ gxf6 35.Re2 Bc6 36.Bd5+ Kd6 37.Bxc6 Kxc6 38.Re6+ Kd5 39.Rxf6 Rg8 40.
b3 c4 41.Rf5+ Ke4 42.Rc5 cxb3 43.axb3 Rg6 44.Kb2 Kd4 45.Ra5 a6 46.c3+ Ke4 
47.b4 Rh6 48.Rc5 Rd6 49.Kb3 Kd3 50.Rh5 Rg6 51.Rd5+ Ke4 52.Kc4 Rc6+ 53.Rc5 
Rb6 54.Kb3 Rg6 55.Ka4 Kd3 56.Ka5 Ke4 57.c4 Kd4 58.Rc8 Rh6 59.c5 Kc4 60.Rb8
Rh1 61.c6 1-0

[Event "34th Rilton Cup"]
[Site "Stockholm SWE"]
[Date "2005.01.03"]
[Round "7.8"]
[White "Aagaard, Jacob"]
[Black "Nouro, Mikael"]
[Result "1-0"]
[WhiteElo "2431"]
[BlackElo "2361"]
[EventDate "2004.12.27"]
[PlyCount "47"]

1.e4 d6 2.d4 Nf6 3.Nc3 g6 4.f4 Bg7 5.Nf3 c5 6.Bb5+ Bd7 7.e5 Ng4 8.e6 fxe6 
9.Ng5 Bxb5 10.Nxe6 Bxd4 11.Nxb5 Qa5+ 12.Qd2 Bf2+ 13.Kd1 Ne3+ 14.Ke2 Qxb5+ 
15.Kxf2 Ng4+ 16.Kg3 Na6 17.b3 Nf6 18.Re1 Qd7 19.Bb2 Kf7 20.Ng5+ Kg7 21.
Rxe7+ Qxe7 22.Re1 Qd7 23.Bxf6+ Kh6 24.Nf7+ 1-0

[Event "34th Rilton Cup"]
[Site "Stockholm SWE"]
[Date "2005.01.03"]
[Round "7.10"]
[White "Aakesson, Ralf"]
[Black "Ong, Kezli"]
[Result "1-0"]
[WhiteElo "2472"]
[BlackElo "2325"]
[EventDate "2004.12.27"]
[PlyCount "55"]

1.Nf3 Nf6 2.c4 e6 3.Nc3 Bb4 4.g3 O-O 5.Bg2 d5 6.Qb3 c5 7.cxd5 exd5 8.d4 
Nc6 9.a3 Bxc3+ 10.bxc3 cxd4 11.cxd4 Qa5+ 12.Bd2 Qa6 13.e3 Ne4 14.Bf1 Nxd2 
15.Nxd2 Qa5 16.Rc1 Re8 17.Rc5 Qd8 18.Qxd5 Qf6 19.Ne4 Qf3 20.Bg2 Qg4 21.O-O
h6 22.Nd6 Rf8 23.Rfc1 Rb8 24.Qf3 Qd7 25.Qf4 Qe7 26.Nxc8 Rbxc8 27.d5 g5 28.
Qf5 1-0

[Event "34th Rilton Cup"]
[Site "Stockholm SWE"]
[Date "2005.01.03"]
[Round "7.11"]
[White "Poley, Vladimir"]
[Black "Molander, Riku"]
[Result "1/2-1/2"]
[WhiteElo "2402"]
[BlackElo "2328"]
[EventDate "2004.12.27"]
[PlyCount "95"]

1.d4 e6 2.g3 Nf6 3.Bg2 Be7 4.Nc3 d5 5.Bg5 Nbd7 6.Nf3 O-O 7.O-O b6 8.a4 a6 
9.Ne5 Bb7 10.f4 c5 11.e3 Rc8 12.Qe2 Ne4 13.Nxe4 dxe4 14.Bxe7 Qxe7 15.Nxd7 
Qxd7 16.dxc5 Rxc5 17.Rfd1 Qc7 18.c3 Bd5 19.Rd4 f5 20.Bf1 b5 21.axb5 axb5 
22.Qd1 h6 23.Ra6 Rb8 24.Rb4 Bc4 25.Qd6 Qxd6 26.Rxd6 Rd5 27.Rxd5 exd5 28.
Bh3 g6 29.g4 fxg4 30.Bxg4 Kf7 31.Kf2 Ke7 32.Be2 Bxe2 33.Kxe2 Kd6 34.Rd4 
Kc5 35.Rd1 Ra8 36.Kd2 Ra6 37.Rg1 Rf6 38.h4 b4 39.Kc2 Rb6 40.Kb3 bxc3+ 41.
Kxc3 d4+ 42.exd4+ Kd5 43.b4 Rc6+ 44.Kb3 Kxd4 45.b5 Rf6 46.Rd1+ Kc5 47.h5 
gxh5 48.Rh1 1/2-1/2

[Event "34th Rilton Cup"]
[Site "Stockholm SWE"]
[Date "2005.01.03"]
[Round "7.12"]
[White "Carlsson, Pontus"]
[Black "Backelin, Rikard"]
[Result "1/2-1/2"]
[WhiteElo "2360"]
[BlackElo "2304"]
[EventDate "2004.12.27"]
[PlyCount "50"]

1.e4 e6 2.d4 d5 3.Nd2 c5 4.exd5 Qxd5 5.Ngf3 cxd4 6.Bc4 Qd6 7.Bb3 Nc6 8.O-O
Nf6 9.Nc4 Qc5 10.c3 Be7 11.Nxd4 Nxd4 12.cxd4 Qc7 13.Qf3 O-O 14.Bf4 Qd8 15.
Rad1 Nd5 16.Ne5 a5 17.Rfe1 a4 18.Bxd5 exd5 19.a3 Bf5 20.Nd3 Be4 21.Qe3 
Bxd3 22.Qxe7 Ba6 23.Bc7 Qxe7 24.Rxe7 Rfe8 25.Rde1 Bb5 1/2-1/2

[Event "34th Rilton Cup"]
[Site "Stockholm SWE"]
[Date "2005.01.03"]
[Round "7.13"]
[White "Doggers, Peter"]
[Black "Furhoff, Johan"]
[Result "0-1"]
[WhiteElo "2292"]
[BlackElo "2338"]
[EventDate "2004.12.27"]
[PlyCount "80"]

1.e4 e5 2.Nf3 Nc6 3.Bb5 a6 4.Ba4 d6 5.Bxc6+ bxc6 6.d4 f6 7.Nc3 Ne7 8.Qd3 
Be6 9.Bd2 Qb8 10.O-O Ng6 11.b3 Be7 12.h4 h5 13.d5 cxd5 14.Nxd5 O-O 15.c4 
Bd8 16.Be3 c6 17.Nc3 Ba5 18.Ne2 Bg4 19.Nh2 Qc8 20.f3 Be6 21.Qxd6 Nxh4 22.
f4 Bc7 23.Qxc6 exf4 24.Nd4 Nxg2 25.Nxe6 Nxe3 26.Nxf8 Kxf8 27.Rfd1 Be5 28.
Qxc8+ Rxc8 29.Rab1 Nxd1 30.Rxd1 Ke7 31.Nf3 Rd8 32.Rc1 g5 33.c5 g4 34.Nh4 
Bc7 35.b4 Rb8 36.a3 f3 37.Kf2 Ke6 38.Nf5 Ke5 39.Rh1 Kxe4 40.Rxh5 Rd8 0-1

[Event "34th Rilton Cup"]
[Site "Stockholm SWE"]
[Date "2005.01.03"]
[Round "7.14"]
[White "Kuemin, Simon"]
[Black "Marttala, Thomas"]
[Result "1/2-1/2"]
[WhiteElo "2392"]
[BlackElo "2245"]
[EventDate "2004.12.27"]
[PlyCount "82"]

1.Nf3 Nf6 2.c4 c6 3.g3 g6 4.b3 Bg7 5.Bb2 O-O 6.Bg2 d5 7.O-O Nbd7 8.d4 Ne4 
9.Nc3 Nxc3 10.Bxc3 Nf6 11.Nd2 Bf5 12.Rc1 Qd7 13.Re1 Rfd8 14.e3 Bh3 15.Bh1 
Rac8 16.Bb2 b6 17.Ba3 h5 18.Qe2 Bf5 19.Nf3 Ng4 20.Nh4 Nh6 21.Nxf5 Nxf5 22.
Rc2 e6 23.Rcc1 Qb7 24.Bb2 b5 25.Rc2 bxc4 26.bxc4 Qa6 27.c5 Qxe2 28.Rcxe2 
Rb8 29.Bc3 Rd7 30.Bg2 Rdb7 31.Bf1 Bf6 32.Rd2 Rb1 33.Rxb1 Rxb1 34.Kg2 Rb8 
35.Ba5 Kf8 36.h3 Ke8 37.g4 Nh4+ 38.Kg3 Rb1 39.Bg2 Rg1 40.f4 hxg4 41.hxg4 
g5 1/2-1/2

[Event "34th Rilton Cup"]
[Site "Stockholm SWE"]
[Date "2005.01.03"]
[Round "7.17"]
[White "Agrest, Roman"]
[Black "Lundvik, Jonas"]
[Result "0-1"]
[WhiteElo "2107"]
[BlackElo "2248"]
[EventDate "2004.12.27"]
[PlyCount "122"]

1.b4 e5 2.Bb2 Bxb4 3.Bxe5 Nf6 4.e3 O-O 5.Be2 Re8 6.Nf3 b6 7.c4 Bb7 8.Bc3 
a5 9.Qb3 Qe7 10.a3 Bxc3 11.Nxc3 d6 12.O-O Nbd7 13.d4 h6 14.Rfe1 Nf8 15.Nd2
Ne6 16.Qc2 Rad8 17.Rab1 Ba6 18.g3 Bb7 19.Nf3 Ng5 20.Nxg5 hxg5 21.d5 g6 22.
Nb5 Kg7 23.Bf1 g4 24.Nd4 Rh8 25.Bd3 Rh5 26.Kg2 Rdh8 27.Rh1 Nd7 28.Ne2 Ne5 
29.Nf4 R5h6 30.Qc3 Bc8 31.Be2 Bf5 32.Bd3 Qf6 33.e4 Bd7 34.Be2 Kf8 35.Nd3 
Rh5 36.Nxe5 Rxe5 37.Rbe1 Ke7 38.f4 gxf3+ 39.Bxf3 Bh3+ 40.Kf2 Rg5 41.Qxf6+ 
Kxf6 42.Ke3 Re5 43.Re2 Rhe8 44.Kd4 Kg5 45.Rhe1 R8e7 46.Rf2 f5 47.Bh1 Bg4 
48.Bg2 Rh7 49.Bh1 Rh3 50.Re3 fxe4 51.Rxe4 Rf5 52.Rb2 Rf1 53.Bg2 Rxh2 54.
Bxf1 Rxb2 55.Re7 Bf5 56.Kc3 Rc2+ 57.Kb3 Rc1 58.Be2 Re1 59.Rxc7 Rxe2 60.Rc6
Re3+ 61.Kb2 Bd3 0-1

[Event "34th Rilton Cup"]
[Site "Stockholm SWE"]
[Date "2005.01.03"]
[Round "7.19"]
[White "Ask, Josef"]
[Black "Maardell, Jimmy"]
[Result "0-1"]
[WhiteElo "2208"]
[BlackElo "2078"]
[EventDate "2004.12.27"]
[PlyCount "90"]

1.d4 Nf6 2.Nf3 c5 3.d5 b5 4.Bg5 Qb6 5.Bxf6 Qxf6 6.c3 g6 7.e4 Qb6 8.Nbd2 d6
9.Bd3 Bg7 10.O-O O-O 11.Re1 Bg4 12.h3 Bxf3 13.Qxf3 Nd7 14.Qe2 Rab8 15.Rab1
b4 16.Nc4 Qc7 17.cxb4 Rxb4 18.a3 Rb3 19.Bc2 Rb7 20.f4 Bd4+ 21.Kh1 Nf6 22.
Qf3 e6 23.b3 exd5 24.exd5 Rbb8 25.Bd3 Rfe8 26.Rxe8+ Rxe8 27.b4 cxb4 28.
axb4 Bc3 29.f5 Kg7 30.Rf1 Re1 31.Rxe1 Bxe1 32.b5 Bb4 33.Ne3 Qc1+ 34.Kh2 
Bc5 35.Nf1 Qc3 36.Be2 Qd4 37.Qd3 Qg1+ 38.Kg3 Qf2+ 39.Kh2 Qg1+ 40.Kg3 Bf2+ 
41.Kf3 Bd4 42.Kg3 Nxd5 43.Qf3 Be5+ 44.Kh4 Qd4+ 45.Qg4 Qf2+ 0-1

[Event "34th Rilton Cup"]
[Site "Stockholm SWE"]
[Date "2005.01.03"]
[Round "7.20"]
[White "McGowan, Daniel"]
[Black "Kosmo, Santul"]
[Result "0-1"]
[WhiteElo "2098"]
[BlackElo "2206"]
[EventDate "2004.12.27"]
[PlyCount "76"]

1.e4 e6 2.d4 d5 3.Nd2 c5 4.exd5 Qxd5 5.Ngf3 cxd4 6.Bc4 Qd6 7.O-O Nf6 8.Nb3
Nc6 9.Nbxd4 Nxd4 10.Nxd4 a6 11.Bd3 Qc7 12.Bg5 Bd6 13.Nf3 O-O 14.c3 b6 15.
Qc2 Kh8 16.Rad1 Bb7 17.Qe2 Nd5 18.Qe4 f5 19.Qh4 e5 20.Bc4 Nf6 21.Bxf6 Bxf3
22.Rxd6 Qxd6 23.Bxg7+ Kxg7 24.gxf3 Rf6 25.Kh1 Rg6 26.Rg1 b5 27.Bb3 Rxg1+ 
28.Kxg1 Rf8 29.Kh1 Qf6 30.Qg3+ Kh8 31.f4 exf4 32.Qxf4 Re8 33.Qd2 Qe5 34.
Qh6 f4 35.Kg2 Qe4+ 36.f3 Qg6+ 37.Qxg6 hxg6 38.Kf2 Kg7 0-1

[Event "34th Rilton Cup"]
[Site "Stockholm SWE"]
[Date "2005.01.03"]
[Round "7.23"]
[White "Vaenman, Kent"]
[Black "Peng, Zhaoqin"]
[Result "0-1"]
[WhiteElo "2189"]
[BlackElo "2420"]
[EventDate "2004.12.27"]
[PlyCount "92"]

1.d4 Nf6 2.c4 e6 3.Nf3 b6 4.Bg5 Bb7 5.e3 h6 6.Bxf6 Qxf6 7.Be2 g6 8.Nc3 Bg7
9.O-O O-O 10.Ne1 Qe7 11.Bf3 c6 12.Qd2 d5 13.cxd5 exd5 14.Nd3 Nd7 15.b4 Nf6
16.Rab1 Ne4 17.Bxe4 dxe4 18.Nf4 Rac8 19.Rfc1 g5 20.Nh5 Bh8 21.a4 f5 22.b5 
c5 23.Qa2+ Qf7 24.Qxf7+ Kxf7 25.dxc5 Rxc5 26.Ne2 Rfc8 27.g4 Rxc1+ 28.Rxc1 
Rxc1+ 29.Nxc1 fxg4 30.Ng3 Ke6 31.Nb3 Bd5 32.Nd4+ Bxd4 33.exd4 h5 34.Ne2 
Bc4 35.Nc3 Kf5 36.Kg2 Kf4 37.Kg1 h4 38.Kg2 e3 39.fxe3+ Kxe3 40.d5 Kd4 41.
d6 Be6 42.Nb1 Ke5 43.Nc3 Kxd6 44.Ne4+ Ke5 45.Nxg5 Bd5+ 46.Kf2 Kf5 0-1

[Event "34th Rilton Cup"]
[Site "Stockholm SWE"]
[Date "2005.01.03"]
[Round "7.25"]
[White "Norberg, Erik"]
[Black "Couso, Luis"]
[Result "1/2-1/2"]
[WhiteElo "2188"]
[BlackElo "2339"]
[EventDate "2004.12.27"]
[PlyCount "97"]

1.e4 c5 2.Nf3 e6 3.d3 d5 4.Nbd2 Nf6 5.g3 Be7 6.Bg2 Nc6 7.O-O O-O 8.Re1 b5 
9.e5 Nd7 10.h4 Rb8 11.Nf1 a5 12.N1h2 b4 13.Bf4 a4 14.a3 bxa3 15.bxa3 Rb6 
16.c4 dxc4 17.dxc4 Qe8 18.Qxa4 Ra6 19.Qd1 Nb6 20.Ng5 Nd4 21.Be4 Nf5 22.g4 
Bxg5 23.Bxg5 Nd4 24.Nf3 Nxf3+ 25.Qxf3 Nxc4 26.Qf4 Nxe5 27.Qxe5 f6 28.Qxc5 
fxg5 29.Qxg5 Qf7 30.Re2 Ra4 31.Qe3 Qf6 32.Rc1 Qxh4 33.f3 Qg3+ 34.Rg2 Qd6 
35.Rh2 h6 36.Rd2 Qxa3 37.Qxa3 Rxa3 38.Rc7 e5 39.Rdc2 Be6 40.Re7 Bf7 41.
Rcc7 Ra5 42.Kg2 Ra2+ 43.Kg3 Ra5 44.Bd3 Ra4 45.Be4 Ra5 46.Bf5 Ra6 47.Rxe5 
g6 48.Be4 Kg7 49.Ree7 1/2-1/2

[Event "34th Rilton Cup"]
[Site "Stockholm SWE"]
[Date "2005.01.03"]
[Round "7.26"]
[White "Jiretorn, Eva"]
[Black "Tetenkina, Irina"]
[Result "1/2-1/2"]
[WhiteElo "2145"]
[BlackElo "2255"]
[EventDate "2004.12.27"]
[PlyCount "31"]

1.d4 e6 2.c4 f5 3.Nf3 Nf6 4.g3 d5 5.Bg2 c6 6.Qc2 Bd6 7.Bf4 O-O 8.Bxd6 Qxd6
9.Ne5 c5 10.e3 cxd4 11.exd4 dxc4 12.Qxc4 Rd8 13.Nc3 a6 14.O-O Nbd7 15.Rad1
Nb6 16.Qc5 1/2-1/2

[Event "34th Rilton Cup"]
[Site "Stockholm SWE"]
[Date "2005.01.03"]
[Round "7.27"]
[White "Kafka, Graeme"]
[Black "Edlund, Robin"]
[Result "1/2-1/2"]
[WhiteElo "2122"]
[BlackElo "2206"]
[EventDate "2004.12.27"]
[PlyCount "148"]

1.e4 e6 2.d4 d5 3.e5 c5 4.c3 Nc6 5.Nf3 Bd7 6.Be2 Nh6 7.O-O Nf5 8.Be3 Be7 
9.Bd3 Qb6 10.dxc5 Nxe3 11.cxb6 Nxd1 12.Rxd1 axb6 13.Nbd2 g5 14.Re1 g4 15.
Nd4 Bg5 16.N2b3 Bh6 17.g3 Bg7 18.f4 gxf3 19.Nxf3 O-O 20.Nbd4 Na5 21.Ng5 h6
22.Nh7 Rfe8 23.Nf6+ Bxf6 24.exf6 e5 25.Bf5 Rad8 26.Bxd7 Rxd7 27.Nf5 Kh7 
28.Ng7 Rc8 29.Rxe5 d4 30.cxd4 Rc2 31.Nf5 Nc4 32.Re7 Rd5 33.Rxf7+ Kg6 34.
Ne7+ Kxf7 35.Nxd5 Nd2 36.Ne3 Nf3+ 37.Kf1 Nxh2+ 38.Kg1 Nf3+ 39.Kf1 Nh2+ 40.
Ke1 Nf3+ 41.Kf1 Rxb2 42.Ng4 Nd2+ 43.Kg1 h5 44.Ne5+ Kxf6 45.a4 Kf5 46.Re1 
Rb4 47.d5 Rd4 48.Kg2 Rxd5 49.Nf7 Rd7 50.Nh6+ Kg5 51.Re6 Nc4 52.Ng8 Rd2+ 
53.Kh3 Rd6 54.Re4 Rc6 55.Ne7 Rc5 56.Re6 Ne5 57.Rxb6 Rc2 58.Rb5 Re2 59.Nd5 
Kh6 60.Nf4 Re4 61.a5 Nc6 62.Rxh5+ Kg7 63.Rb5 Ra4 64.Rxb7+ Kg8 65.Rc7 Nxa5 
66.Ra7 Ra3 67.Kg4 Nc4 68.Rxa3 Nxa3 69.Kf5 Nc4 70.Nd5 Kg7 71.Nf4 Nd6+ 72.
Ke6 Ne4 73.g4 Kh6 74.Kf5 Nd6+ 1/2-1/2

[Event "34th Rilton Cup"]
[Site "Stockholm SWE"]
[Date "2005.01.03"]
[Round "7.28"]
[White "Ozga, Magdalena"]
[Black "Landgren, Andreas"]
[Result "0-1"]
[WhiteElo "1911"]
[BlackElo "2198"]
[EventDate "2004.12.27"]
[PlyCount "100"]

1.e4 c5 2.Nc3 Nc6 3.g3 g6 4.Bg2 Bg7 5.d3 d6 6.f4 e6 7.Nf3 Nge7 8.O-O O-O 
9.Be3 b6 10.d4 d5 11.exd5 Nf5 12.Bf2 Ncxd4 13.Nxd4 Nxd4 14.dxe6 Bxe6 15.
Ne4 Bc4 16.Re1 Ne2+ 17.Kh1 Bxb2 18.Rb1 Qxd1 19.Rbxd1 Nc3 20.Nxc3 Bxc3 21.
Bxa8 Rxa8 22.a3 Bxe1 23.Rxe1 Rd8 24.Be3 Bb5 25.Kg1 Ba4 26.Rc1 Re8 27.Kf2 
Re4 28.c3 f5 29.Bd2 Kf7 30.Re1 Ke6 31.Rxe4+ fxe4 32.Ke3 Kd5 33.g4 Bd7 34.
h3 h5 35.gxh5 gxh5 36.h4 Bf5 37.Bc1 Kc4 38.Kd2 Kb3 39.Ke2 Kxc3 40.Kd1 Kd3 
41.Bb2 Ke3 42.Be5 Kf2 43.Bc3 Bg4+ 44.Kc2 e3 45.Kd3 e2 46.Ke4 e1=Q+ 47.
Bxe1+ Kxe1 48.f5 c4 49.Kd4 Bxf5 50.Kxc4 Kf2 0-1

[Event "34th Rilton Cup"]
[Site "Stockholm SWE"]
[Date "2005.01.03"]
[Round "7.30"]
[White "Johansson, Viktoria"]
[Black "Lardot, Derik"]
[Result "1/2-1/2"]
[WhiteElo "2189"]
[BlackElo "2029"]
[EventDate "2004.12.27"]
[PlyCount "95"]

1.d4 Nf6 2.c4 e5 3.dxe5 Ng4 4.Bf4 Nc6 5.Nf3 Bb4+ 6.Nbd2 Qe7 7.a3 Ngxe5 8.
Nxe5 Nxe5 9.e3 Bxd2+ 10.Qxd2 d6 11.Be2 O-O 12.O-O a5 13.b3 b6 14.Bg3 Bb7 
15.Rad1 Rfe8 16.Rfe1 Rad8 17.Qd4 Nd7 18.Bh4 f6 19.b4 axb4 20.axb4 Qe4 21.
Bf1 Qxd4 22.exd4 Kf7 23.Be2 Re4 24.Bh5+ g6 25.Rxe4 Bxe4 26.Be2 Bb7 27.f3 
Ra8 28.Bg3 Ra2 29.Kf1 Ke7 30.c5 bxc5 31.dxc5 dxc5 32.Bxc7 cxb4 33.Bd6+ Kd8
34.Bxb4 Ba6 35.Bxa6 Rxa6 36.Kf2 Re6 37.Kg3 Ke8 38.Ra1 h5 39.Ra7 Re2 40.h4 
Re6 41.Ra8+ Kf7 42.Rd8 Ne5 43.Rf8+ Kg7 44.Rb8 Kf7 45.Rb7+ Kg8 46.Bc3 Nc4 
47.Rc7 Ne3 48.Rc8+ 1/2-1/2

[Event "34th Rilton Cup"]
[Site "Stockholm SWE"]
[Date "2005.01.03"]
[Round "7.31"]
[White "Karlsson, Tomas"]
[Black "Heden, Gustav"]
[Result "1-0"]
[WhiteElo "2267"]
[BlackElo "2116"]
[EventDate "2004.12.27"]
[PlyCount "105"]

1.e4 c5 2.Nf3 Nc6 3.d4 cxd4 4.Nxd4 g6 5.Nc3 Bg7 6.Be3 Nf6 7.Bc4 O-O 8.Bb3 
d6 9.f3 Qa5 10.Qd2 Bd7 11.O-O-O Rfc8 12.g4 Ne5 13.Kb1 b5 14.g5 Nh5 15.
Ncxb5 Qxd2 16.Rxd2 Nxf3 17.Nxf3 Bxb5 18.Bd5 Bc6 19.c3 Rab8 20.Bxa7 Bxd5 
21.exd5 Rb7 22.Bd4 Bxd4 23.Nxd4 Rxc3 24.Nc6 Re3 25.Rf1 f5 26.gxf6 Nxf6 27.
Nxe7+ Rbxe7 28.Rxf6 Re1+ 29.Kc2 Rc7+ 30.Kd3 Rd7 31.Rf4 Ra7 32.a3 Re5 33.
Kc2 g5 34.Rf3 g4 35.Rg3 h5 36.b4 Rg5 37.Rd4 Rag7 38.b5 h4 39.Rg2 g3 40.
Rxh4 Rxd5 41.a4 gxh2 42.Rhxh2 Rxg2+ 43.Rxg2+ Kf7 44.Kc3 Ke7 45.Kb4 Kd7 46.
Rg7+ Kc8 47.b6 Rd1 48.Kb5 Rb1+ 49.Ka6 Rb4 50.b7+ Kd8 51.Rg8+ Kc7 52.Rc8+ 
Kd7 53.b8=Q 1-0

[Event "34th Rilton Cup"]
[Site "Stockholm SWE"]
[Date "2005.01.03"]
[Round "7.33"]
[White "Lappalainen, Tommy"]
[Black "Stenson, Johan"]
[Result "1/2-1/2"]
[WhiteElo "2188"]
[BlackElo "2099"]
[EventDate "2004.12.27"]
[PlyCount "81"]

1.Nf3 Nf6 2.c4 g6 3.b3 Bg7 4.Bb2 O-O 5.g3 d5 6.cxd5 Qxd5 7.Bg2 Nc6 8.O-O 
Qh5 9.Re1 Rd8 10.d3 Bh3 11.Bh1 Rac8 12.a3 Be6 13.Qc2 Na5 14.Nbd2 c5 15.Ne5
Bd5 16.e4 Be6 17.Ndc4 Nc6 18.Nxc6 Rxc6 19.Na5 Rb6 20.f4 Ne8 21.Bxg7 Kxg7 
22.Rac1 c4 23.Nxc4 Qc5+ 24.Kf1 Ra6 25.b4 Bh3+ 26.Bg2 Qh5 27.Qc3+ Kg8 28.d4
Rc6 29.Qe3 Rdc8 30.Ne5 Rxc1 31.Rxc1 Rxc1+ 32.Qxc1 f6 33.Qc4+ e6 34.g4 Bxg4
35.Qc8 fxe5 36.Qxe8+ Kg7 37.Qe7+ Kg8 38.dxe5 Bh3 39.Qd8+ Kg7 40.Qf6+ Kg8 
41.Qd8+ 1/2-1/2

[Event "34th Rilton Cup"]
[Site "Stockholm SWE"]
[Date "2005.01.03"]
[Round "7.34"]
[White "Styf, Josef"]
[Black "Lohou, Stephane"]
[Result "0-1"]
[WhiteElo "2087"]
[BlackElo "2167"]
[EventDate "2004.12.27"]
[PlyCount "65"]

1.e4 c5 2.Nf3 e6 3.d3 Nc6 4.g3 d5 5.Nc3 Nf6 6.Bg5 Be7 7.Bg2 h6 8.Bd2 dxe4 
9.dxe4 e5 10.h3 Be6 11.Qe2 a6 12.O-O O-O 13.Be3 Nd4 14.Bxd4 cxd4 15.Nd5 
Bd6 16.c4 dxc3 17.Nxc3 Qe7 18.Rad1 Rac8 19.Nd5 Nxd5 20.exd5 Bd7 21.Rfe1 
Rfe8 22.Rc1 e4 23.Rxc8 Bxc8 24.Qc4 f5 25.Nd4 Qf6 26.g4 fxg4 27.Rxe4 Rf8 
28.f4 gxh3 29.Ne6 Qg6 30.Re2 Bxe6 31.dxe6 Rxf4 32.Qd5 Be7 33.Qxb7 0-1